01226nas a2200241Ia 4500001001100000003001000011008004100021040002500062041001300087100001700100210003400117222003400151245007600185250001100261260009500272300001100367310001200378362003600390500021300426501011400639520021300753650001800966R050-S3527IT-CnALBA170116c99999999xx |||||||||||| ||und|| aIT-CnALBAcIT-CnALBA aITALIANO aSARTOR PAOLO aLA RIVISTA DEL CLERO ITALIANO aLA RIVISTA DEL CLERO ITALIANO 0aLA RIVISTA DEL CLERO ITALIANO. DICEMBRE 1999. L'INIZIAZIONE CRISTIANA.  a1a ed. aMILANObVITA E PENSIERO. SOCIETÀ EDITRICEc1999 [1° Ed.:1999 - Ed.Ling.Originale: 1999] a86 p.  aMENSILE aFascicolo: 12 / Anno: 80 (1999) aINDICE ANNATA. L'OMELIA E IL VANGELO DI MARCO. I RITI D'INTRODUZIONE. PRATO E. BELLEZZA E SALVEZZA. DE CARLI S. STUDIO CULTURA RELIGIOSA. SERENTHÀ, TEMPO DI NATALE. IL TEMPO ORDINARIO, CARMELITANE LEGNANO.  aSocietà San Paolo EM - Piazza San Paolo, 14 - 12051 ALBA (CN) (non commercial uses only) ® Copyright 2017 aINDICE ANNATA. L'OMELIA E IL VANGELO DI MARCO. I RITI D'INTRODUZIONE. PRATO E. BELLEZZA E SALVEZZA. DE CARLI S. STUDIO CULTURA RELIGIOSA. SERENTHÀ, TEMPO DI NATALE. IL TEMPO ORDINARIO, CARMELITANE LEGNANO.  aECCLESIOLOGIA